US City By Picture #2 - Statistics

General Stats
  • This quiz has been taken 100 times
  • The average score is 11 of 16
Answer Stats
Picture Answer % Correct
San Francisco
99%
Las Vegas
98%
Chicago
90%
Houston
77%
Philadelphia
76%
Los Angeles
75%
Boston
71%
San Diego
67%
Atlanta
65%
Salt Lake City
62%
Kansas City
61%
Cleveland
60%
Austin
56%
Portland
55%
Indianapolis
51%
Nashville
39%
No matching quizzes found
Score Distribution
Percent of People with Each Score
Percentile by Number Answered
Your Score History
You have not taken this quiz